پورا ہرار مکان / (Record no. 171812)

MARC details
000 -LEADER
fixed length control field 00489nam a22001937a 4500
005 - DATE AND TIME OF LATEST TRANSACTION
control field 20200121123717.0
010 ## - LCCN (DPL NO)
LC control number A-420097
020 ## - INTERNATIONAL STANDARD BOOK NUMBER
Terms of availability 10.00
035 ## - SYSTEM CONTROL NUMBER
System control number A-420097
037 ## - SOURCE OF ACQUISITION
Source of stock number/acquisition BPPD/Pub.
082 ## - DEWEY DECIMAL CLASSIFICATION NUMBER
Classification number ن
100 ## - MAIN ENTRY--PERSONAL NAME
Personal name ظفر محمود
245 ## - TITLE STATEMENT
Title پورا ہرار مکان /
Statement of responsibility, etc ظفر محمود
246 ## - VARYING FORM OF TITLE
Title proper/short title Pura Harar Makan (Urdu) /
Remainder of title by Zafar Mehmood
260 ## - PUBLICATION, DISTRIBUTION, ETC. (IMPRINT)
Place of publication, distribution, etc -
Name of publisher, distributor, etc -
Date of publication, distribution, etc 1989 ء
270 ## - ADDRESS
City -
Address -
Postal code -
300 ## - PHYSICAL DESCRIPTION
Extent 127p.
Dimensions 20cm(Hb)
942 ## - ADDED ENTRY ELEMENTS (KOHA)
Source of classification or shelving scheme Dewey Decimal Classification
Item type Urdu Bks
Classification part ن
Call number suffix ظ ف ر
Holdings
Withdrawn status Lost status Not for loan Collection code Home library Current library Date acquired Source of acquisition Cost, normal purchase price Full call number Barcode Copy number Cost, replacement price Koha item type
      Non-fiction Central Library Central Library 21/01/2020 BPPD/Ven. 10.00 ن ظ ف ر A-420097 1 10.00 Urdu Bks

© Delhi Public Library
Hit Counter
free hit counter